UITU Library & LRC     

Electrical Technology: machines and measurement (Record no. 12455)

MARC details
000 -LEADER
fixed length control field 00492nam a2200181Ia 4500
008 - FIXED-LENGTH DATA ELEMENTS--GENERAL INFORMATION
fixed length control field 240925s9999 xx 000 0 und d
020 ## - INTERNATIONAL STANDARD BOOK NUMBER
International Standard Book Number 9789332514416
082 ## - DEWEY DECIMAL CLASSIFICATION NUMBER
Classification number 621.319 BAL
100 ## - MAIN ENTRY--PERSONAL NAME
Personal name Bali, S.P
245 #0 - TITLE STATEMENT
Title Electrical Technology: machines and measurement
250 ## - EDITION STATEMENT
Edition statement 1st
260 ## - PUBLICATION, DISTRIBUTION, ETC.
Place of publication, distribution, etc. New Delhi:
Name of publisher, distributor, etc. Pearson Education
Date of publication, distribution, etc. ,2013.
300 ## - PHYSICAL DESCRIPTION
Extent Various pages
Other physical details N.A
Type of unit Original
500 ## - GENERAL NOTE
General note Includes Index
600 ## - SUBJECT ADDED ENTRY--PERSONAL NAME
Personal name Electrical Engineering
650 ## - SUBJECT ADDED ENTRY--TOPICAL TERM
Topical term or geographic name entry element Technology
942 ## - ADDED ENTRY ELEMENTS (KOHA)
Koha item type Books
Holdings
Withdrawn status Lost status Damaged status Not for loan Collection Home library Current library Date acquired Source of acquisition Cost, normal purchase price Total checkouts Full call number Barcode Date last seen Price effective from Koha item type
        Electrical Engineering UITU Library UITU Library 10/15/2014 Z S Book Agency 3679.00   621.319 BAL Q9956 09/25/2024 09/25/2024 Books

Powered by Koha